Database systems : models, languages, design, and application programming (Record no. 5691)

MARC details
000 -LEADER
fixed length control field 00400nam a2200145Ia 4500
008 - FIXED-LENGTH DATA ELEMENTS--GENERAL INFORMATION
fixed length control field 150201s2013 xx 000 0 und d
082 ## - DEWEY DECIMAL CLASSIFICATION NUMBER
Classification number 5.74
Item number ELM
100 ## - MAIN ENTRY--PERSONAL NAME
Personal name Elmasri,Ramez
245 ## - TITLE STATEMENT
Title Database systems : models, languages, design, and application programming
250 ## - EDITION STATEMENT
Edition statement 6th Ed.
260 ## - PUBLICATION, DISTRIBUTION, ETC. (IMPRINT)
Name of publisher, distributor, etc. Pearson
Place of publication, distribution, etc. N.Delhi
Date of publication, distribution, etc. 2013
300 ## - PHYSICAL DESCRIPTION
Extent 1214p.
700 ## - ADDED ENTRY--PERSONAL NAME
Personal name Navathe,Shamkant B
942 ## - ADDED ENTRY ELEMENTS (KOHA)
Source of classification or shelving scheme Dewey Decimal Classification
Koha item type Books
Koha issues (borrowed), all copies 1
Holdings
Withdrawn status Lost status Source of classification or shelving scheme Damaged status Not for loan Home library Current library Date acquired SGTU Total Checkouts Full call number Barcode Date last seen Date last checked out Bill Date Koha item type Checked out
    Dewey Decimal Classification     SGT Engineering Library SGT Engineering Library 19/02/2014 SGTU 2 5.74 ELM FE6287 21/09/2018 09/08/2017 09/02/2015 Books  
    Dewey Decimal Classification     SGT Engineering Library SGT Engineering Library 19/02/2014 SGTU 1 5.74 ELM FE6288 15/04/2021 31/03/2021 09/02/2015 Books  
    Dewey Decimal Classification     SGT Engineering Library SGT Engineering Library 19/02/2014 SGTU 1 5.74 ELM FE6289 17/02/2025 17/02/2025 09/02/2015 Books 03/03/2025